| 000 | 01514nam a2200313 c 4500 | ||
|---|---|---|---|
| 003 | BLK | ||
| 005 | 20180420235407.0 | ||
| 008 | 180411b bul|||||r ||||||| ||bul|| | ||
| 010 | _aKNG00180199000 | ||
| 040 | _aBLK | ||
| 041 |
_aBUL _cBUL |
||
| 080 |
_aТоксикология. Отравяния. Учение за отровите. Общи въпроси. Отрови - органични, неорганични, растителни, животински. Вж и 615. 009. Противоотрови вж 615. 27 _b615.9 _x _z615.9 |
||
| 080 |
_aОтравяния. Употребява се само като спец. определител _b616-099 _x _z616-099 |
||
| 100 | 1 |
_aПеянечки, Христо Ат. _eпърви автор _9110583 |
|
| 139 |
_aПеянечки, Христо Ат. _bП 50 |
||
| 245 | 1 | 0 |
_aОтровни ухапвания и наранявания _cХристо Ат. Пеянечки. |
| 257 | _aBGR | ||
| 260 |
_аСофия _bМедицина и физкултура _c1972 _fПловдив : Д. Благоев, 1971 |
||
| 300 |
_a127 с. _bс ил. _c22 см |
||
| 380 | _a61 | ||
| 490 | 1 | _aЛекарят ви съветва | |
| 650 | 4 |
_aОтрови, животински - действие на организма _9261688 |
|
| 653 | _aотровни животни | ||
| 852 | _aЦб 61308 | ||
| 856 | 4 |
_qpdf _u |
|
| 856 | 4 |
_qpdf _u |
|
| 942 |
_cKNG _n0 |
||
| 944 |
_aCR _c24.08.2015 _kВалентина_Караджова |
||
| 944 |
_aED _c24.08.2015 _kВалентина_Караджова |
||
| 999 |
_c171903 _d171903 |
||